[Event "Robecchetto op-B 24th"]
[Site "Robecchetto"]
[Date "2013.12.30"]
[Round "6"]
[White "Macario, Marco"]
[Black "Bejo, Armand"]
[Result "1/2-1/2"]
[WhiteElo "1839"]
[BlackElo "1609"]
[PlyCount "43"]
[EventDate "2013.12.27"]
[EventType "swiss"]
[EventRounds "6"]
[EventCountry "ITA"]
[SourceTitle "EXT 2015"]
[Source "ChessBase"]
[SourceDate "2014.11.20"]
[SourceVersion "1"]
[SourceVersionDate "2014.11.20"]
[SourceQuality "1"]

1. e4 e5 2. Nf3 Nf6 3. Nxe5 d6 4. Nf3 Nxe4 5. Nc3 Nf6 6. d4 d5 7. h3 Bb4 8. Bd3 0-0 9. 0-0 c5 10. Bd2 c4 11. Be2 Bxc3 12. Bxc3 Bf5 13. Ne5 Ne4 14. Bd2 Nc6 15. Nxc6 bxc6 16. Bf4 Qb6 17. f3 Nf6 18. b3 c3 19. Bd6 Rfe8 20. Bc5 Qc7 21. Bd3 Bxh3 22. gxh3 1/2-1/2

[Event "Robecchetto op-B 24th"]
[Site "Robecchetto"]
[Date "2013.12.29"]
[Round "4"]
[White "Raselli, Claudio"]
[Black "Macario, Marco"]
[Result "1/2-1/2"]
[WhiteElo "1878"]
[BlackElo "1839"]
[PlyCount "42"]
[EventDate "2013.12.27"]
[EventType "swiss"]
[EventRounds "6"]
[EventCountry "ITA"]
[SourceTitle "EXT 2015"]
[Source "ChessBase"]
[SourceDate "2014.11.20"]
[SourceVersion "1"]
[SourceVersionDate "2014.11.20"]
[SourceQuality "1"]

1. e4 c5 2. c3 e6 3. d4 d5 4. exd5 Qxd5 5. Nf3 Nc6 6. Be2 Nf6 7. 0-0 Be7 8. c4 Qd8 9. dxc5 Qxd1 10. Rxd1 Bxc5 11. Nc3 a6 12. Bf4 0-0 13. Bd6 Bxd6 14. Rxd6 e5 15. Rad1 Re8 16. Nd5 Nxd5 17. cxd5 Nd4 18. Nxd4 exd4 19. Rxd4 Bg4 20. Rxg4 Rxe2 21. g3 Rxb2 1/2-1/2

[Event "Robecchetto op-B 24th"]
[Site "Robecchetto"]
[Date "2013.12.28"]
[Round "2"]
[White "Biava, Pierluigi"]
[Black "Macario, Marco"]
[Result "0-1"]
[WhiteElo "1686"]
[BlackElo "1839"]
[PlyCount "74"]
[EventDate "2013.12.27"]
[EventType "swiss"]
[EventRounds "6"]
[EventCountry "ITA"]
[SourceTitle "EXT 2015"]
[Source "ChessBase"]
[SourceDate "2014.11.20"]
[SourceVersion "1"]
[SourceVersionDate "2014.11.20"]
[SourceQuality "1"]

1. e4 c5 2. Nc3 e6 3. f4 Nc6 4. Nf3 g6 5. g3 Bg7 6. Bg2 Nge7 7. d3 d5 8. 0-0 0-0 9. Kh1 a6 10. Qe2 b5 11. Qf2 Qb6 12. exd5 exd5 13. Nd1 Bb7 14. c3 Rad8 15. Nd2 d4 16. Ne4 Rfe8 17. Bd2 h6 18. g4 dxc3 19. Bxc3 Nd4 20. b4 cxb4 21. Bxb4 Qc7 22. Bc3 b4 23. Bb2 Qc2 24. Rc1 Qxd3 25. Nc5 Bxg2+ 26. Qxg2 Qb5 27. Re1 Nec6 28. Ne3 Rd6 29. f5 Nf3 30. Qxf3 Bxb2 31. Rc2 Nd4 32. Qf1 Qxf1+ 33. Rxf1 Nxc2 34. Nxc2 Rc8 35. fxg6 Rxc5 36. gxf7+ Kf8 37. Ne3 Rc1 0-1

[Event "Bratto op-B 33rd"]
[Site "Bratto"]
[Date "2013.08.23"]
[Round "6"]
[White "Macario, Marco"]
[Black "Savoldelli, Dario"]
[Result "1/2-1/2"]
[WhiteElo "1848"]
[BlackElo "1852"]
[PlyCount "64"]
[EventDate "2013.08.18"]
[EventType "swiss"]
[EventRounds "8"]
[EventCountry "ITA"]
[SourceTitle "EXT 2015"]
[Source "ChessBase"]
[SourceDate "2014.11.20"]
[SourceVersion "1"]
[SourceVersionDate "2014.11.20"]
[SourceQuality "1"]

1. e4 e5 2. Nf3 d6 3. Nc3 Nf6 4. d4 Nbd7 5. Bc4 Be7 6. Ng5 0-0 7. Bxf7+ Rxf7 8. Ne6 Qe8 9. Nxc7 Qd8 10. Nxa8 b6 11. Be3 Ba6 12. Nxb6 axb6 13. f3 Qc7 14. Qd2 Rf8 15. h4 Rd8 16. g4 exd4 17. Bxd4 Ne5 18. Qf2 Rf8 19. Bxe5 dxe5 20. 0-0-0 Bc5 21. Qd2 Rc8 22. g5 Nh5 23. Nd5 Qf7 24. b4 Bd4 25. c3 Bb7 26. Kb2 Bxd5 27. cxd4 Bc4 28. dxe5 Qxf3 29. Qd7 Ra8 30. a4 Qb3+ 31. Kc1 Qc3+ 32. Kb1 Qb3+ 1/2-1/2

[Event "Bratto op-B 33rd"]
[Site "Bratto"]
[Date "2013.08.22"]
[Round "5"]
[White "Guerini, Silvia"]
[Black "Macario, Marco"]
[Result "1/2-1/2"]
[WhiteElo "1773"]
[BlackElo "1848"]
[PlyCount "71"]
[EventDate "2013.08.18"]
[EventType "swiss"]
[EventRounds "8"]
[EventCountry "ITA"]
[SourceTitle "EXT 2015"]
[Source "ChessBase"]
[SourceDate "2014.11.20"]
[SourceVersion "1"]
[SourceVersionDate "2014.11.20"]
[SourceQuality "1"]

1. e4 c5 2. Nc3 Nc6 3. f4 g6 4. Nf3 Bg7 5. Bc4 e6 6. 0-0 Nge7 7. d3 Na5 8. Bb3 Nxb3 9. axb3 d5 10. Qe1 d4 11. Ne2 b6 12. Bd2 Bb7 13. Nh4 f5 14. exf5 gxf5 15. Ng3 Qd5 16. Qe2 Bf6 17. Nf3 h5 18. Rfe1 Kd7 19. c4 Qc6 20. b4 a6 21. bxc5 h4 22. b4 b5 23. Nf1 h3 24. Bc1 hxg2 25. N1d2 Rh3 26. Bb2 bxc4 27. dxc4 Ng6 28. b5 axb5 29. cxb5 Qd5 30. c6+ Kc7 31. cxb7 Rxa1 32. Bxa1 Nxf4 33. Rc1+ Kxb7 34. Qc4 Qxc4 35. Rxc4 e5 36. Rc5 1/2-1/2

[Event "Nichelino op 12th"]
[Site "Nichelino"]
[Date "2011.10.08"]
[Round "3"]
[White "Macario, Marco"]
[Black "Calzolari, Marco"]
[Result "1/2-1/2"]
[WhiteElo "1829"]
[BlackElo "1711"]
[PlyCount "64"]
[EventDate "2011.10.06"]
[EventType "swiss"]
[EventRounds "6"]
[EventCountry "ITA"]
[SourceTitle "EXT 2023"]
[Source "ChessBase"]
[SourceDate "2022.10.05"]
[SourceVersion "1"]
[SourceVersionDate "2022.10.05"]
[SourceQuality "1"]

1. e4 d5 2. exd5 Qxd5 3. Nc3 Qa5 4. Nf3 Bf5 5. d4 Nf6 6. Bd3 c6 7. 0-0 Bxd3 8. Qxd3 e6 9. Re1 Bb4 10. Bd2 Nbd7 11. a3 Bxc3 12. Bxc3 Qc7 13. Rad1 0-0 14. Bb4 Rfe8 15. Ne5 Nxe5 16. dxe5 Nd5 17. Bd6 Qd7 18. Re4 Ne7 19. Bxe7 Qxd3 20. Rxd3 Rxe7 21. Red4 Rae8 22. f4 f6 23. exf6 gxf6 24. Rd6 Kf7 25. Kf2 e5 26. fxe5 Rxe5 27. Rd7+ R8e7 28. Rxe7+ Rxe7 29. Kf3 Kg6 30. g4 Kg5 31. h3 f5 32. gxf5 Kxf5 1/2-1/2

[Event "Nichelino op 12th"]
[Site "Nichelino"]
[Date "2011.10.07"]
[Round "2"]
[White "Drago, Paolo"]
[Black "Macario, Marco"]
[Result "1-0"]
[WhiteElo "1735"]
[BlackElo "1829"]
[PlyCount "119"]
[EventDate "2011.10.06"]
[EventType "swiss"]
[EventRounds "6"]
[EventCountry "ITA"]
[SourceTitle "EXT 2023"]
[Source "ChessBase"]
[SourceDate "2022.10.05"]
[SourceVersion "1"]
[SourceVersionDate "2022.10.05"]
[SourceQuality "1"]

1. d4 d5 2. Nf3 Nf6 3. c4 dxc4 4. Nc3 a6 5. a4 Bf5 6. e3 Nc6 7. Bxc4 e6 8. 0-0 Bd6 9. Re1 Ne4 10. Bd3 Nxc3 11. bxc3 Bg4 12. e4 0-0 13. e5 Be7 14. Qc2 h6 15. Be4 Na5 16. Be3 Rb8 17. Nd2 f5 18. exf6 Bxf6 19. f4 Bh4 20. g3 Be7 21. Nf3 Nc4 22. Bf2 c5 23. Qd3 b5 24. Ne5 Nxe5 25. Bh7+ Kh8 26. Rxe5 cxd4 27. Bxd4 Bf6 28. Re3 Bxd4 29. cxd4 bxa4 30. Rxa4 a5 31. Re5 Rb4 32. Rexa5 Rxa4 33. Rxa4 Qb6 34. Be4 Rc8 35. Ra1 Qb2 36. Rb1 Rc1+ 37. Rxc1 Qxc1+ 38. Kg2 Qe1 39. Qc2 Bf5 40. Qc8+ Kh7 41. Bxf5+ exf5 42. Qxf5+ Kh8 43. Qd3 Qc1 44. d5 Qb2+ 45. Kh3 Qf6 46. d6 Qe6+ 47. Kg2 Qa2+ 48. Kf3 Qa8+ 49. Ke3 Qa7+ 50. Qd4 Qa3+ 51. Ke4 Qa8+ 52. Qd5 Qa4+ 53. Kf5 Qc2+ 54. Ke6 Qg6+ 55. Kd7 Qc2 56. Ke7 Qg6 57. Qe6 Qd3 58. Kf8 Qh7 59. d7 g5 60. Qf6+ 1-0

[Event "Torino Alfieri op 2nd"]
[Site "Torino"]
[Date "2010.04.21"]
[Round "1"]
[White "Ljubisavljevic, Zivojin Z"]
[Black "Macario, Marco"]
[Result "1-0"]
[WhiteElo "2260"]
[BlackElo "1755"]
[PlyCount "229"]
[EventDate "2010.04.21"]
[EventType "swiss"]
[EventRounds "5"]
[EventCountry "ITA"]
[SourceTitle "EXT 2024"]
[Source "ChessBase"]
[SourceDate "2023.10.10"]
[SourceVersion "1"]
[SourceVersionDate "2023.10.10"]
[SourceQuality "1"]

1. e4 c5 2. Nc3 Nc6 3. f4 e6 4. Nf3 d5 5. Bb5 d4 6. Ne2 Nge7 7. 0-0 Bd7 8. d3 g6 9. Bxc6 Nxc6 10. Qe1 Bg7 11. f5 h6 12. fxg6 fxg6 13. Qg3 g5 14. h4 Qe7 15. hxg5 0-0-0 16. Nf4 Qd6 17. Nh5 Qxg3 18. Nxg3 h5 19. a3 h4 20. Ne2 Be8 21. Nf4 Kd7 22. Bd2 Ne5 23. b4 b6 24. bxc5 bxc5 25. Rab1 Kd6 26. Rb7 Rd7 27. Rfb1 Kc6 28. Nxe5+ Bxe5 29. Nxe6 Rhh7 30. Rxd7 Rxd7 31. Bf4 Bxf4 32. Nxf4 Rf7 33. Ng6 Rg7 34. Nxh4 Rxg5 35. Kf2 Bd7 36. c3 dxc3 37. Rc1 Kd6 38. Rxc3 a6 39. Nf3 Rg8 40. Rc2 Rb8 41. Nd2 Bb5 42. Ke3 Rg8 43. Nc4+ Ke6 44. Nb2 Kd6 45. Rf2 Ke6 46. Rd2 Rg6 47. Rf2 Rg8 48. Kd2 Rg3 49. Kc3 Bc6 50. Kc4 Bb5+ 51. Kxc5 Bxd3 52. Nxd3 Rxd3 53. Rf3 Rd2 54. Rg3 Ke5 55. Rg4 Ra2 56. Kb4 a5+ 57. Ka4 Kd4 58. Rg3 Kxe4 59. Kxa5 Kf4 60. Rb3 Rxg2 61. a4 Ke5 62. Kb5 Rg6 63. Kc5 Rg8 64. Re3+ Kf4 65. Re6 Kf5 66. Re1 Rg2 67. a5 Ra2 68. Kb6 Rb2+ 69. Ka7 Kf6 70. a6 Kf7 71. Re5 Rb1 72. Rh5 Ke7 73. Rh6 Kd7 74. Rb6 Rc1 75. Rb8 Kc7 76. Rh8 Rb1 77. Rh7+ Kc8 78. Rb7 Ra1 79. Kb6 Rb1+ 80. Ka7 Ra1 81. Rb2 Kc7 82. Rc2+ Kd8 83. Rc5 Rb1 84. Ka8 Rb2 85. Rh5 Kc8 86. Rh8+ Kc7 87. Rh7+ Kc8 88. Rb7 Ra2 89. Ka7 Ra1 90. Rb5 Kc7 91. Rc5+ Kd7 92. Rb5 Kc7 93. Rb7+ Kc8 94. Rb5 Kc7 95. Rc5+ Kd7 96. Kb7 Rb1+ 97. Ka8 Ra1 98. a7 Rb1 99. Rh5 Kc7 100. Rh7+ Kc8 101. Rh8+ Kc7 102. Rb8 Ra1 103. Rb3 Kc8 104. Rc3+ Kd7 105. Rb3 Kc7 106. Rb4 Kc8 107. Rc4+ Kd7 108. Kb7 Rb1+ 109. Ka6 Ra1+ 110. Kb6 Kd6 111. Rd4+ Ke7 112. Rd5 Rb1+ 113. Rb5 Ra1 114. Ra5 Rb1+ 115. Ka6 1-0